00378nam a2200157Ia 4500008004100000082001000041100001600051245002800067250000600095260002300101300000800124600001600132630002800148700001600176730002800192090124s9999 xx 000 0 und d b17066 aALI TARIQ aCAN PAKISTAN SURVIVE ?  a0 bPENGUIN BOOKc1983 a237 aALI TARIQ aCAN PAKISTAN SURVIVE ?  aALI TARIQ aCAN PAKISTAN SURVIVE ?